[Event "Budapest Nuovo"]
[Site "Budapest"]
[Date "1992.??.??"]
[Round "6"]
[White "Lukacs, Peter"]
[Black "Fogarasi, Tibor"]
[Result "1/2-1/2"]
[WhiteElo "2490"]
[BlackElo "2455"]

1.d4 Nf6 2.c4 g6 3.Nc3 d5 4.cxd5 Nxd5 5.e4 Nxc3 6.bxc3 Bg7 7.Bc4 c5 8.Ne2 Nc6
9.Be3 O-O 10.O-O Bg4 11.f3 Na5 12.Bxf7+ Rxf7 13.fxg4 Rxf1+ 14.Kxf1 Qd6 15.e5 Qd5
16.Bf2 Rd8 17.Qc2 Qc4 18.Qb2 Rf8 19.Kg1 Qd3 20.Ng3 Nc4 21.Qb1 Qxc3 22.Ne4 Qa5
23.Qd3 b5 24.Nxc5 Bh6 25.Ne4 Nd2 26.Nxd2 Qxd2 27.Qxd2 Bxd2 28.Rd1 Bc3 29.e6 a5
30.d5 Bb4 31.Rc1 Bd6 32.g3 a4 33.Kg2 b4 34.Bd4 g5 35.Rc6 Rb8 36.Kf3 b3 37.axb3 axb3
38.Bb2 h6 39.Ke4 Kh7 40.Kd4 Kg6 41.Rc4  1/2-1/2

[Event "Budapest Nuovo"]
[Site "Budapest"]
[Date "1992.??.??"]
[Round "6"]
[White "Szabolcsi, Janos"]
[Black "Horvath, Jozsef"]
[Result "1/2-1/2"]
[WhiteElo "2375"]
[BlackElo "2480"]

1.d4 Nf6 2.c4 g6 3.Nc3 d5 4.cxd5 Nxd5 5.e4 Nxc3 6.bxc3 Bg7 7.Bb5+ Bd7 8.Bxd7+ Qxd7
9.Nf3 c5 10.O-O cxd4 11.cxd4 Nc6 12.Be3 e6 13.Qd2 O-O 14.Rfd1 Rfd8 15.Rac1 Qe8
16.d5 exd5 17.exd5 Rd7 18.Bf4 Rad8 19.Re1 Qf8 20.d6 f6 21.Re2 Ne5 22.Nxe5 Rxd6
23.Qe1 fxe5 24.Bxe5 Bxe5 25.Rxe5 Qf7  1/2-1/2

[Event "Donau Cup op"]
[Site "Budapest"]
[Date "1992.??.??"]
[Round "6"]
[White "Groszpeter, Attila"]
[Black "Fogarasi, Tibor"]
[Result "1/2-1/2"]
[WhiteElo "2495"]
[BlackElo "2455"]

1.d4 Nf6 2.c4 g6 3.Nc3 d5 4.cxd5 Nxd5 5.e4 Nxc3 6.bxc3 Bg7 7.Bb5+ c6 8.Ba4 b5
9.Bb3 b4 10.Ne2 bxc3 11.Be3 O-O 12.Rc1 Nd7 13.O-O Qa5 14.Nxc3 Ba6 15.Re1 Rfd8
16.Qf3 e6 17.Na4 Bb5 18.Nc3 Ba6 19.Na4 Bb5 20.Nc3  1/2-1/2

[Event "Budapest Nuovo"]
[Site "Budapest"]
[Date "1992.??.??"]
[Round "6"]
[White "Atalik, Suat"]
[Black "Horvath, Csaba"]
[Result "1/2-1/2"]
[WhiteElo "2455"]
[BlackElo "2485"]

1.d4 Nf6 2.c4 g6 3.Nc3 d5 4.cxd5 Nxd5 5.e4 Nxc3 6.bxc3 Bg7 7.Nf3 c5 8.Rb1 O-O
9.Be2 cxd4 10.cxd4 Qa5+ 11.Bd2 Qxa2 12.O-O Qe6 13.Qc2 Qc6 14.Qd3 Qd6 15.Bb4 Qd8
16.d5 Na6 17.Ba3 b6 18.Rfd1 Nc5 19.Qe3 Bg4 20.Nd4 Bxd4 21.Rxd4 Bxe2 22.Qxe2 e5
23.Rc4 Qd6  1/2-1/2

[Event "Elekes mem"]
[Site "Budapest"]
[Date "1992.??.??"]
[Round "10"]
[White "Lukacs, Peter"]
[Black "Fogarasi, Tibor"]
[Result "1-0"]
[WhiteElo "2490"]
[BlackElo "2455"]

1.d4 Nf6 2.c4 g6 3.Nc3 d5 4.cxd5 Nxd5 5.e4 Nxc3 6.bxc3 Bg7 7.Bc4 c5 8.Ne2 O-O
9.Be3 Nc6 10.Rb1 cxd4 11.cxd4 e6 12.h4 Bd7 13.h5 Rc8 14.Qd2 Qa5 15.hxg6 Qxd2+
16.Kxd2 hxg6 17.Bd3 Na5 18.f3 Rfe8 19.Bg5 Bc6 20.Rh2 f5 21.Rbh1 Kf7 22.Bh6 Bf6
23.Bf4 Rg8 24.Rh7+ Rg7 25.Rh8 Rxh8 26.Rxh8 e5 27.dxe5 Be7 28.Bh6 Rg8 29.e6+  1-0

[Event "Budapest Nuovo"]
[Site "Budapest"]
[Date "1992.??.??"]
[Round "10"]
[White "Lukacs, Peter"]
[Black "Atalik, Suat"]
[Result "0-1"]
[WhiteElo "2490"]
[BlackElo "2455"]

1.d4 Nf6 2.c4 g6 3.Nc3 d5 4.cxd5 Nxd5 5.e4 Nxc3 6.bxc3 Bg7 7.Bc4 O-O 8.Ne2 c5
9.O-O Nc6 10.Be3 cxd4 11.cxd4 Na5 12.Bd3 Nc6 13.Bb5 Bg4 14.f3 Bd7 15.Rb1 e6
16.Qd2 a6 17.Bd3 b5 18.Rfc1 Rc8 19.Qb2 Qb6 20.Bf2 Rfd8 21.e5 Ne7 22.Ng3 Bc6
23.Ne4 Bxe4 24.fxe4 Rxc1+ 25.Rxc1 Bh6 26.Rb1 Nc6 27.Bf1 Qa5 28.a4 bxa4 29.Qb6 Qc3
30.d5 exd5 31.Rd1 Rb8 32.Qc7 Be3 33.Bxe3 Qxe3+ 34.Kh1 Qb6 35.Qd6 Nb4 36.Qxb6 Rxb6
37.exd5 Kf8 38.Bc4 Rb8 39.d6 Rc8 40.d7 Rd8 41.Kg1 a3 42.Ra1 Rxd7 43.Rxa3 Rc7
44.Be2 Ra7 45.Ra5 Ke7 46.Kf2 Kd7 47.Ke3 Kc6 48.Kf4 Kb6 49.Ra3 Re7 50.g4 Nd5+
51.Ke4 Nc7 52.Rb3+ Nb5 53.g5 Kc5 54.Rd3 Kb4 55.Bg4 a5 56.Rd2 a4 57.e6 a3
58.Ke5 fxe6 59.Kf6 Ra7 60.Bxe6 Kc3 61.Rf2 Ra6 62.Ke7 Nd4 63.Bf7 Nf5+ 64.Kd8 Ra8+  0-1

[Event "Wch U20"]
[Site "Buenos Aires"]
[Date "1992.??.??"]
[Round "?"]
[White "Allen, Andrew"]
[Black "Waters, Michael"]
[Result "1-0"]
[WhiteElo "2170"]
[BlackElo "2110"]

1.d4 Nf6 2.c4 g6 3.Nc3 d5 4.cxd5 Nxd5 5.e4 Nxc3 6.bxc3 Bg7 7.Nf3 c5 8.Rb1 O-O
9.Be2 Nc6 10.d5 Bxc3+ 11.Bd2 Bxd2+ 12.Qxd2 Nb8 13.h4 e6 14.d6 Nc6 15.e5 Qa5
16.Qxa5 Nxa5 17.Rb5 b6 18.h5 Nc6 19.Rb3 f6 20.hxg6 hxg6 21.exf6 Rxf6 22.Ng5 Rf5
23.Rbh3 Rxg5 24.Rh8+ Kg7 25.R1h7+ Kf6 26.f4 Bb7 27.fxg5+ Ke5 28.Rxa8 Bxa8
29.Rh8  1-0

[Event "Buenos Aires ITT"]
[Site "Buenos Aires"]
[Date "1992.??.??"]
[Round "8"]
[White "Fabrega, Enrique"]
[Black "Darcyl, Tomas"]
[Result "1/2-1/2"]
[WhiteElo "2260"]
[BlackElo "2365"]

1.d4 Nf6 2.c4 g6 3.Nc3 d5 4.cxd5 Nxd5 5.e4 Nxc3 6.bxc3 Bg7 7.Bc4 c5 8.Ne2 Nc6
9.Be3 O-O 10.O-O Bd7 11.Rb1 Rc8 12.dxc5 Qc7  1/2-1/2

[Event "BUL-ch"]
[Site "BUL"]
[Date "1992.??.??"]
[Round "2"]
[White "Semkov, Semko"]
[Black "Donchev, Dimitar I"]
[Result "1/2-1/2"]
[WhiteElo "2480"]
[BlackElo "2520"]

1.d4 Nf6 2.c4 g6 3.Nc3 d5 4.cxd5 Nxd5 5.e4 Nxc3 6.bxc3 Bg7 7.Nf3 c5 8.Bb5+ Bd7
9.Bxd7+ Nxd7 10.O-O b5 11.a4 bxa4 12.Qxa4 O-O 13.Be3 Qc7 14.h3 Rfc8 15.Rfb1 e6
16.Qa6 Rab8 17.Rxb8 Rxb8 18.g3 cxd4 19.cxd4 Qb7 20.Qxb7 Rxb7 21.d5 exd5 22.exd5 Nb6
23.d6 Rd7 24.Bc5 f5 25.Bxb6  1/2-1/2

[Event "BUL-ch"]
[Site "BUL"]
[Date "1992.??.??"]
[Round "6"]
[White "Genov, Petko"]
[Black "Donchev, Dimitar I"]
[Result "1-0"]
[WhiteElo "2300"]
[BlackElo "2520"]

1.d4 Nf6 2.c4 g6 3.Nc3 d5 4.cxd5 Nxd5 5.e4 Nxc3 6.bxc3 Bg7 7.Nf3 c5 8.Rb1 O-O
9.Be2 Nc6 10.d5 Bxc3+ 11.Bd2 Bxd2+ 12.Qxd2 Na5 13.h4 Bg4 14.h5 Bxf3 15.gxf3 e5
16.d6 b6 17.hxg6 fxg6 18.Qd5+ Kg7 19.Qxe5+ Qf6 20.Qh2 h5 21.Qg3 Rad8 22.Rd1 Nc6
23.Rxh5 Nd4 24.e5 Qe6 25.Rxd4 cxd4 26.Bd3 Rxf3 27.Qxf3 gxh5 28.Qe4 Kf8 29.Qf4+ Qf7
30.Qh6+ Ke8 31.Qh8+ Qf8 32.Qxh5+ Qf7 33.Qxf7+ Kxf7 34.Bc4+  1-0

[Event "BUL-ch"]
[Site "BUL"]
[Date "1992.??.??"]
[Round "7"]
[White "Topalov, Veselin"]
[Black "Genov, Petko"]
[Result "1-0"]
[WhiteElo "2460"]
[BlackElo "2300"]

1.d4 Nf6 2.c4 g6 3.Nc3 d5 4.cxd5 Nxd5 5.e4 Nxc3 6.bxc3 Bg7 7.Bc4 O-O 8.Ne2 Nc6
9.h4 e5 10.Be3 exd4 11.cxd4 Qe7 12.Bd3 Nxd4 13.Rc1 c5 14.h5 b6 15.hxg6 hxg6
16.Nf4 Bb7 17.f3 Ne6 18.Nxe6 Qxe6 19.Bc4 Qe5 20.Qe2 Rad8 21.Qf2 Rfe8 22.Qh4 Kf8
23.Bb5 Qb2 24.Bxe8 Ba6 25.Bb5 Bf6 26.Qh6+ Bg7 27.Bxa6 Bxh6 28.Bxh6+ Kg8 29.O-O Qd4+
30.Rf2 Qa4 31.Bf1 Rd1 32.Rxd1 Qxd1 33.Rd2 Qa1 34.Kf2 Kh7 35.Be3 Qc3 36.Be2 Qb4
37.Rd7 Kg7 38.Rxa7 Qb2 39.Rb7 Qxa2 40.Rxb6  1-0

[Event "BUL-ch"]
[Site "BUL"]
[Date "1992.??.??"]
[Round "8"]
[White "Genov, Petar"]
[Black "Lalev, Dimitar"]
[Result "1-0"]
[WhiteElo "2450"]
[BlackElo "2425"]

1.d4 Nf6 2.c4 g6 3.Nc3 d5 4.cxd5 Nxd5 5.e4 Nxc3 6.bxc3 Bg7 7.Bc4 O-O 8.Ne2 Nc6
9.Be3 e5 10.Rc1 Qe7 11.Bd3 Rd8 12.d5 Na5 13.c4 c5 14.O-O b6 15.Bd2 Nb7 16.Bc3 Nd6
17.Ng3 Bd7 18.Re1 Re8 19.Rb1 h5 20.Nf1 h4 21.f4 exf4 22.Bxg7 Kxg7 23.e5 Nf5
24.Qg4 h3 25.Qxf4 hxg2 26.Ng3 Nxg3 27.hxg3 Rh8 28.Be4 Rae8 29.Bf3 g5 30.Qe4 f5
31.Qe3 f4 32.gxf4 g4 33.Bxg2 Bf5 34.Rb3 Rh6 35.e6 Reh8 36.Qg3 Kg6 37.Re5 Qh7
38.Rxf5 Kxf5 39.Be4+ Kf6 40.Bxh7  1-0

[Event "BUL-ch"]
[Site "BUL"]
[Date "1992.??.??"]
[Round "11"]
[White "Petkov, Vladimir"]
[Black "Genov, Petko"]
[Result "1/2-1/2"]
[WhiteElo "2260"]
[BlackElo "2300"]

1.d4 Nf6 2.c4 g6 3.Nc3 d5 4.cxd5 Nxd5 5.e4 Nxc3 6.bxc3 Bg7 7.Nf3 O-O 8.Rb1 c5
9.Be2 cxd4 10.cxd4 Qa5+ 11.Bd2 Qxa2 12.O-O Bd7 13.Rxb7 Bc6 14.Rxe7 Qa3 15.Bg5 h6
16.Qc1 Qb4 17.Qd2 Qa3 18.Qc1  1/2-1/2

[Event "Candas op"]
[Site "Candas"]
[Date "1992.??.??"]
[Round "2"]
[White "Gomez Jurado, Luis Alberto"]
[Black "Neverov, Valeriy"]
[Result "1/2-1/2"]
[WhiteElo "2265"]
[BlackElo "2520"]

1.d4 Nf6 2.c4 g6 3.Nc3 d5 4.cxd5 Nxd5 5.e4 Nxc3 6.bxc3 Bg7 7.Bb5+ c6 8.Ba4 b5
9.Bb3 b4 10.Ne2 bxc3 11.Be3 Ba6 12.Rc1 O-O 13.Rxc3 Qa5 14.Qd2 Rd8 15.Rc2 Qxd2+
16.Rxd2 Nd7 17.f3 Rdc8 18.Kf2 c5 19.dxc5 Nxc5 20.Bxc5 Rxc5 21.Rd7 e6 22.Rhd1 Bf6
23.f4 Bb5 24.Rb7 a5 25.Nd4 Ba6 26.Rb6 a4 27.Bxa4 Rc4 28.Bc6 Bb7 29.Bxb7 Rxa2+
30.Ne2 Bd4+ 31.Rxd4 Rxd4 32.Ke3 Rd8 33.Ra6 Rb2 34.Ra8 Rb3+ 35.Kf2 Rxa8 36.Bxa8 Kg7
37.e5 h5 38.Bf3 Ra3 39.Kg3 Ra2 40.Nc3 Ra3 41.Ne4 Ra4 42.Kh4 Kh6 43.Kg3 Kg7
44.h3 Rb4 45.Nd6 Rd4 46.Be4 Ra4 47.Bc6 Rd4 48.Bf3 Rb4 49.Ne4 Ra4 50.Kh4 Kh6
51.g3 Rb4 52.Ng5 Kg7 53.Bc6 Rb1 54.Bd7 Kf8 55.Nh7+ Kg7 56.Ng5 Kf8 57.Bc6 Rc1
58.Bf3 Kg7 59.Bb7 Rb1 60.Bc6 Rc1  1/2-1/2

[Event "Cannes op"]
[Site "Cannes"]
[Date "1992.??.??"]
[Round "?"]
[White "Lobron, Eric"]
[Black "Dorfman, Josif D"]
[Result "1-0"]
[WhiteElo "2575"]
[BlackElo "2605"]

1.d4 Nf6 2.c4 g6 3.Nc3 d5 4.cxd5 Nxd5 5.e4 Nxc3 6.bxc3 Bg7 7.Bc4 c5 8.Ne2 Nc6
9.Be3 O-O 10.Rc1 e6 11.O-O Na5 12.Bd3 cxd4 13.cxd4 b6 14.Qd2 Bb7 15.Bh6 Qe7
16.Bxg7 Kxg7 17.Qf4 Rac8 18.h4 Nc6 19.h5 Rfd8 20.Qg3 Qf6 21.e5 Qe7 22.Rc4 b5
23.Rcc1 Nxd4 24.Nxd4 Rxd4 25.h6+ Kg8 26.Rxc8+ Bxc8 27.Bxb5 Bb7 28.Rb1 Rb4
29.Rxb4 Qxb4 30.Qg5 Qf8 31.a4 a6 32.Bf1 a5 33.Bb5 Bd5 34.Kh2 f6 35.exf6 Kf7
36.Qe3 Kxf6 37.Qf4+ Ke7 38.Qc7+ Kf6 39.Qxh7 Kg5 40.Kg1 e5 41.Qd7 Qc5 42.h7 Qc1+
43.Bf1 Bc4  1-0

[Event "Cannes Martinez op"]
[Site "Cannes"]
[Date "1992.??.??"]
[Round "?"]
[White "Lazarev, Vladimir"]
[Black "Horvath, Jozsef"]
[Result "0-1"]
[WhiteElo "2430"]
[BlackElo "2505"]

1.d4 Nf6 2.c4 g6 3.Nc3 d5 4.cxd5 Nxd5 5.e4 Nxc3 6.bxc3 Bg7 7.Bc4 c5 8.Ne2 Nc6
9.Be3 O-O 10.O-O cxd4 11.cxd4 Na5 12.Bd3 b6 13.Rc1 e6 14.Qd2 Bb7 15.h4 Qd7
16.Bh6 Bxh6 17.Qxh6 Nc6 18.Qe3 Rfd8 19.Bb5 a6 20.Bxc6 Bxc6 21.Rfd1 Rac8 22.h5 Ba4
23.Rxc8 Rxc8 24.Rd2 Qe7 25.Nc3 Bc6 26.h6 Bb7 27.d5 exd5 28.Qd4 Qf8 29.exd5 Qxh6
30.Rd3 b5 31.d6 Qg5 32.f3 Rd8 33.Re3 Bc6 34.Kf2 h5 35.Re5 Qc1 36.Rc5 Qb2+
37.Kg1 b4 38.Qf6 Rf8 39.Rxc6 bxc3 40.d7 Qd2 41.Rd6 c2 42.d8=Q c1=Q+ 43.Kh2 Qf4+
44.g3 Qc2+ 45.Kh3 Qcf5+ 46.Kh2 Qc2+ 47.Kh3 Qff5+ 48.g4 hxg4+ 49.fxg4 Qxf6
50.Qxf6 Re8 51.Rd8 Rxd8 52.Qxd8+ Kh7 53.Qd5 Qf2 54.Qc4 Qf3+ 55.Kh2 Qf2+ 56.Kh3 Qf3+
57.Kh2 a5 58.a4 g5 59.Qc8 Qf2+ 60.Kh3 Qf3+ 61.Kh2 Qd5 62.Kg3 Qd3+ 63.Kg2 Qe2+
64.Kg3 Qe3+ 65.Kg2 Qe4+ 66.Kg3 Qd3+ 67.Kg2 Qd5+ 68.Kg3 Kg7 69.Qc3+ f6 70.Qc7+ Kg6
71.Qc2+ Kf7 72.Qc7+ Ke6 73.Qc8+ Kd6 74.Qd8+ Kc5 75.Qe7+ Kd4 76.Qa7+ Qc5 77.Qd7+ Ke3
78.Qb5 Qe5+ 79.Kh3 Qc3 80.Qf5 Kd4+  0-1

[Event "Cannes Martinez op"]
[Site "Cannes"]
[Date "1992.??.??"]
[Round "?"]
[White "Lazarev, Vladimir"]
[Black "Salaun, Yann"]
[Result "1-0"]
[WhiteElo "2430"]
[BlackElo "2335"]

1.d4 Nf6 2.c4 g6 3.Nc3 d5 4.cxd5 Nxd5 5.e4 Nxc3 6.bxc3 Bg7 7.Bc4 c5 8.Ne2 O-O
9.Be3 Nc6 10.O-O Na5 11.Bd3 b6 12.Qd2 Bb7 13.Rac1 e6 14.h4 h5 15.Rfd1 Rc8
16.dxc5 bxc5 17.Bg5 Qc7 18.Qe3 Nc6 19.Ng3 Ne5 20.Be2 c4 21.Rd2 Ba6 22.Bh6 Qc5
23.Qf4 Nd3 24.Bxd3 Bxh6 25.Qxh6 cxd3 26.Qf4 Rfd8 27.e5 Bb7 28.Qg5 Kh7 29.Rb1 Ba8
30.Rb4 Qxc3 31.Rf4 Rd7 32.Nxh5 Qxd2 33.Nf6+ Kg7 34.Nxd7 Qc1+ 35.Kh2 Qc6 36.Qf6+ Kh6
37.Rg4 Qxd7 38.h5  1-0

[Event "Cannes op"]
[Site "Cannes"]
[Date "1992.??.??"]
[Round "?"]
[White "Tyrant, Pierre"]
[Black "Dorfman, Josif D"]
[Result "0-1"]
[WhiteElo "2290"]
[BlackElo "2605"]

1.d4 Nf6 2.c4 g6 3.Nc3 d5 4.cxd5 Nxd5 5.e4 Nxc3 6.bxc3 Bg7 7.Be3 c5 8.Qd2 cxd4
9.cxd4 O-O 10.Nf3 Nc6 11.Be2 Bg4 12.Rd1 Qa5 13.O-O Rfc8 14.Qxa5 Nxa5 15.Rc1 a6
16.Rfd1 b5 17.h3 Bxf3 18.Bxf3 Nc4 19.e5 Rab8 20.Bf4 e6 21.Re1 Nb6 22.Rxc8+ Rxc8
23.Bb7 Rb8 24.Bf3 a5 25.Rb1 b4 26.a3 bxa3 27.Bc1 Bf8 28.Be2 a2 29.Ra1 Nd5
30.Rxa2 Rb1  0-1

[Event "Cannes op"]
[Site "Cannes"]
[Date "1992.??.??"]
[Round "?"]
[White "Pein, Malcolm"]
[Black "Bernard, Christophe"]
[Result "1-0"]
[WhiteElo "2450"]
[BlackElo "2270"]

1.d4 Nf6 2.c4 g6 3.Nc3 d5 4.cxd5 Nxd5 5.e4 Nxc3 6.bxc3 Bg7 7.Bc4 O-O 8.Be3 c5
9.Ne2 Nc6 10.Rc1 Bg4 11.f3 Bd7 12.h4 Qa5 13.Kf2 Rac8 14.h5 cxd4 15.cxd4 Nb4
16.hxg6 hxg6 17.Qg1 Rxc4 18.Rxc4 Nd3+ 19.Kg3 f5 20.Nf4 Nxf4 21.Bxf4 fxe4
22.Qe3 Qxa2 23.Rc7 exf3 24.gxf3 Qd5 25.Qe4 Bc6 26.Rxe7 Qxe4 27.fxe4 Bxd4
28.Rh6 Rd8 29.Rxg6+ Kf8 30.Rh7 Bxe4 31.Bh6+ Bg7 32.Rh8+  1-0

[Event "Cappelle op"]
[Site "Cappelle la Grande"]
[Date "1992.??.??"]
[Round "6"]
[White "Vyzmanavin, Alexey"]
[Black "Krasenkow, Michal"]
[Result "1/2-1/2"]
[WhiteElo "2590"]
[BlackElo "2495"]

1.d4 Nf6 2.c4 g6 3.Nc3 d5 4.cxd5 Nxd5 5.e4 Nxc3 6.bxc3 Bg7 7.Be3 c5 8.Qd2 O-O
9.Rc1 Qa5 10.Nf3 cxd4 11.cxd4 Qxd2+ 12.Nxd2 Rd8 13.Nb3 Nc6 14.d5 Nb4 15.Bd2 Na6
16.Bxa6 bxa6 17.Ba5 Re8 18.O-O f5 19.f3 fxe4 20.fxe4 Bd7 21.Bc7 Rac8 22.e5 Bh6
23.Rc3 Be3+ 24.Kh1 Rf8 25.Re1 Bb6 26.d6 exd6 27.exd6 Rf6 28.Nc5 Bxc7 29.Ne4 Re6
30.Rxc7 Rxc7 31.dxc7 Bc8 32.h3 Kg7 33.Rd1 Rxe4 34.Rd8 Bf5 35.g4 Rc4 36.gxf5 Rxc7
37.fxg6 hxg6 38.Rd6 Rc1+ 39.Kg2 Rc2+ 40.Kg3 Rxa2 41.Rd7+ Kf6 42.Rxa7 a5 43.h4  1/2-1/2

[Event "JUG-chT"]
[Site "Cetinje"]
[Date "1992.??.??"]
[Round "?"]
[White "Stamenkovic, Zoran"]
[Black "Ristic, Nenad"]
[Result "1/2-1/2"]
[WhiteElo "2345"]
[BlackElo "2390"]

1.d4 Nf6 2.c4 g6 3.Nc3 d5 4.cxd5 Nxd5 5.e4 Nxc3 6.bxc3 Bg7 7.Bc4 O-O 8.Ne2 Nc6
9.O-O e5 10.Ba3 Re8 11.Bxf7+ Kxf7 12.Qb3+ Be6 13.d5 Na5 14.dxe6+ Rxe6 15.Qa4 c6
16.Rad1  1/2-1/2

[Event "Chalkidiki"]
[Site "Chalkidiki"]
[Date "1992.??.??"]
[Round "3"]
[White "Kramnik, Vladimir"]
[Black "Stohl, Igor"]
[Result "1/2-1/2"]
[WhiteElo "2625"]
[BlackElo "2560"]

1.d4 Nf6 2.c4 g6 3.Nc3 d5 4.cxd5 Nxd5 5.e4 Nxc3 6.bxc3 Bg7 7.Bb5+ c6 8.Ba4 O-O
9.Ne2 e5 10.O-O Qe7 11.Bc2 Rd8 12.a4 Be6 13.Ba3 Qe8 14.Bd3 Nd7 15.a5 Rac8
16.Rb1 b5 17.axb6 axb6 18.Qd2 b5 19.Qe3 Ra8 20.Bb4 Bf8 21.Rfd1 exd4 22.cxd4 Ba2
23.Rb2 c5 24.Be1 Ra3 25.Ra1 cxd4 26.Nxd4 Nc5 27.Bxb5 Rxe3 28.Bxe8 Rxe4  1/2-1/2

[Event "Chalkidiki"]
[Site "Chalkidiki"]
[Date "1992.??.??"]
[Round "4"]
[White "Sokolov, Ivan"]
[Black "Stohl, Igor"]
[Result "0-1"]
[WhiteElo "2625"]
[BlackElo "2560"]

1.d4 Nf6 2.c4 g6 3.Nc3 d5 4.cxd5 Nxd5 5.e4 Nxc3 6.bxc3 Bg7 7.Bb5+ c6 8.Bc4 c5
9.Ne2 Nc6 10.Be3 O-O 11.Rc1 cxd4 12.cxd4 Qa5+ 13.Kf1 Bd7 14.h4 Rfc8 15.h5 e5
16.hxg6 hxg6 17.Qb3 Nd8 18.Bh6 exd4 19.Bxg7 Kxg7 20.Nxd4 Nc6 21.Nf3 Qb4 22.Qd3 Qe7
23.Bxf7 Ne5 24.Rxc8 Nxd3 25.Rxa8 Qc5 26.Kg1 Qxf2+ 27.Kh2 Nf4 28.Rg1 Kxf7
29.Rb8 Bc6 30.Rd8 Ne6 31.Rd2 Qc5 32.Re1 Kg7 33.Kh1 Qh5+ 34.Kg1 Qc5+ 35.Kh1 Ng5
36.Nd4 Qc3 37.Rdd1 Bxe4 38.Ne6+ Nxe6 39.Rxe4 Qc6 40.Rde1 Kf6 41.Rf1+ Kg7
42.Rfe1 Ng5 43.Re7+ Kh6 44.Rb1 Ne6 45.Rf7 Nc5 46.Rc1 Qd5 47.Rf3 Nd3 48.Rb1 Ne5
49.Rh3+ Kg7 50.a3 b5 51.Rg3 a6 52.Rb4 Nc4 53.Rbb3 Qd1+ 54.Kh2 Qh5+ 55.Rh3 Qe5+
56.Kh1 Nd2 57.Rb4 Qe1+ 58.Kh2 Nf1+ 59.Kh1 Ng3+ 60.Kh2 Ne2  0-1

[Event "Chalkidiki"]
[Site "Chalkidiki"]
[Date "1992.??.??"]
[Round "10"]
[White "Ulibin, Mikhail"]
[Black "Stohl, Igor"]
[Result "1/2-1/2"]
[WhiteElo "2570"]
[BlackElo "2560"]

1.d4 Nf6 2.c4 g6 3.Nc3 d5 4.cxd5 Nxd5 5.e4 Nxc3 6.bxc3 Bg7 7.Bb5+ Bd7 8.Be2 c5
9.Nf3 cxd4 10.cxd4 Bc6 11.Qd3 f5 12.Qb3 Qb6 13.Qc4 Na6 14.Bd2 fxe4 15.Ng5 O-O-O
16.Ne6 Rxd4 17.Nxd4 Bxd4 18.O-O Bxa1 19.Rxa1 Nc7 20.Qc3 Re8 21.Qe5 Bd5 22.Rc1 Qd6
23.Qb2  1/2-1/2

[Event "Chicago opI"]
[Site "Chicago"]
[Date "1992.??.??"]
[Round "4"]
[White "Stone, Raymond"]
[Black "Gurevich, Ilya"]
[Result "0-1"]
[WhiteElo "2355"]
[BlackElo "2475"]

1.d4 Nf6 2.c4 g6 3.Nc3 d5 4.cxd5 Nxd5 5.e4 Nxc3 6.bxc3 Bg7 7.Be3 c5 8.Rc1 Qa5
9.Qd2 O-O 10.Nf3 Rd8 11.d5 e6 12.c4 Qxd2+ 13.Nxd2 b6 14.Be2 Na6 15.O-O Nb4
16.a3 Na2 17.Rc2 Nc3 18.Bf3 exd5 19.cxd5 Ba6 20.Rfc1 Ne2+ 21.Bxe2 Bxe2 22.f3 Bd3
23.Rc3 Bxc3 24.Rxc3 Ba6 25.Bg5 Rd7 26.Bf6 Rc8 27.Nb3 Re8 28.g4 h6 29.h4 Bb5
30.Kf2 a5 31.Nd2 a4 32.Rc2 Bd3 33.Rc3 Ba6 34.Rc1 Kf8 35.Nb1 Ra8 36.h5 gxh5
37.Rh1 Rd6 38.Be5 Rg6 39.gxh5 Rg8 40.Bc7 Ke7 41.Bxb6 Rgc8 42.Rc1 Rab8 43.Ba5 Rb3
44.Bd2 Rcb8 45.Nc3 Rb2  0-1

[Event "Chicago opI"]
[Site "Chicago"]
[Date "1992.??.??"]
[Round "6"]
[White "Bonin, Jay R"]
[Black "Lonoff, Marc"]
[Result "1-0"]
[WhiteElo "2400"]
[BlackElo "2335"]

1.d4 Nf6 2.c4 g6 3.Nc3 d5 4.cxd5 Nxd5 5.e4 Nxc3 6.bxc3 Bg7 7.Nf3 c5 8.Bb5+ Bd7
9.Bxd7+ Qxd7 10.O-O O-O 11.Rb1 cxd4 12.cxd4 b6 13.Bb2 Qb7 14.d5 Nd7 15.Bxg7 Kxg7
16.Qd4+ Kg8 17.e5 Rac8 18.Rbd1 Rc5 19.Rfe1 f6 20.e6 Nb8 21.h4 Rd8 22.d6 Nc6
23.Qe4 Kg7 24.d7 Rb8 25.Nd4 Nd8 26.Qf4 Qc7 27.Qxc7 Rxc7 28.Nb5 Rc2 29.Rc1 Rxc1
30.Rxc1 Nxe6 31.Rc8 Rb7 32.Nc7 Kf7 33.Rf8+ Kxf8 34.Nxe6+ Kf7 35.Nd8+  1-0

[Event "Chicago opI"]
[Site "Chicago"]
[Date "1992.??.??"]
[Round "8"]
[White "Nickoloff, Bryon"]
[Black "Martinovsky, Eugene"]
[Result "1-0"]
[WhiteElo "2430"]
[BlackElo "2335"]

1.d4 Nf6 2.c4 g6 3.Nc3 d5 4.cxd5 Nxd5 5.e4 Nxc3 6.bxc3 Bg7 7.Bc4 O-O 8.Ba3 Nd7
9.Nf3 c5 10.O-O Qa5 11.Qb3 b5 12.Bd5 Rb8 13.dxc5 Qxc3 14.Qxc3 Bxc3 15.Rac1 b4
16.Rxc3 bxc3 17.c6 Nf6 18.Bxe7 Ba6 19.Rc1 Nxd5 20.exd5 c2 21.Nd2 Rfe8 22.d6 Rxe7
23.dxe7 Bd3 24.Nb3 f6 25.Nc5 Bf5 26.Nd7 Rc8 27.Nxf6+ Kf7 28.e8=Q+ Rxe8 29.Nxe8 Kxe8
30.f3 g5 31.Kf2 Kd8 32.Ke3 Kc7 33.g4 Bg6 34.h4 h6 35.Kd2 Kxc6 36.f4 gxh4
37.Rh1 Kd5 38.Rxh4 h5 39.f5 Bf7 40.gxh5 Bg8 41.h6 Bh7 42.Ra4  1-0

[Event "CSR-chT"]
[Site "CSR"]
[Date "1992.??.??"]
[Round "?"]
[White "Lechtynsky, Jiri"]
[Black "Ftacnik, Lubomir"]
[Result "0-1"]
[WhiteElo "2410"]
[BlackElo "2550"]

1.d4 Nf6 2.c4 g6 3.Nc3 d5 4.cxd5 Nxd5 5.e4 Nxc3 6.bxc3 Bg7 7.Be3 c5 8.Qd2 Qa5
9.Rc1 cxd4 10.cxd4 Qxd2+ 11.Bxd2 Nc6 12.d5 Nd4 13.Ne2 f5 14.Bc3 Nxe2 15.Bxe2 Bxc3+
16.Rxc3 fxe4 17.Kd2 Kd7 18.Ke3 Kd6 19.Kxe4 Rf8 20.f4 Bf5+ 21.Ke3 Rfc8 22.Rhc1 Rxc3+
23.Rxc3 Rc8 24.Rxc8 Bxc8 25.Kd4 Bd7 26.g4 b5 27.h4 b4 28.Kc4 a5 29.g5 Bf5
30.Kb5 Kxd5 31.Kxa5 Bb1 32.Kxb4 Bxa2 33.f5 gxf5 34.h5 Ke5 35.h6 Bf7 36.Bc4 Bg6  0-1

[Event "CSR-chT"]
[Site "CSR"]
[Date "1992.??.??"]
[Round "?"]
[White "Plachetka, Jan"]
[Black "Gross, Stefan"]
[Result "1-0"]
[WhiteElo "2460"]
[BlackElo "2385"]

1.d4 Nf6 2.c4 g6 3.Nc3 d5 4.cxd5 Nxd5 5.e4 Nxc3 6.bxc3 Bg7 7.Be3 c5 8.Qd2 Qa5
9.Nf3 Nc6 10.Rc1 cxd4 11.cxd4 Qxd2+ 12.Kxd2 e6 13.d5 exd5 14.exd5 Ne7 15.Bc4 Nf5
16.Bf4 O-O 17.Rhe1 Bd7 18.Bb3 Rfc8 19.g4 Bh6 20.Bxh6 Nxh6 21.h3 Rxc1 22.Rxc1 Rd8
23.Ke3 a5 24.a4 b5 25.axb5 Bxb5 26.Rc5 Bf1 27.Ng5 Rb8 28.Ba2 a4 29.Ra5 Bb5
30.d6 Be8 31.Kd4 Kg7 32.Ra7 Rb4+ 33.Kc3 Rb6 34.d7 Rc6+ 35.Bc4 Bxd7 36.Rxd7 a3
37.Ra7 Rf6 38.f3 Rc6 39.Ne6+ Kh8 40.Ra8+ Ng8 41.Nd8  1-0

[Event "EU-chT (Men)"]
[Site "Debrecen"]
[Date "1992.??.??"]
[Round "3"]
[White "Gomez Esteban, Juan Mario"]
[Black "Hellers, Ferdinand"]
[Result "0-1"]
[WhiteElo "2425"]
[BlackElo "2510"]

1.d4 Nf6 2.c4 g6 3.Nc3 d5 4.cxd5 Nxd5 5.e4 Nxc3 6.bxc3 Bg7 7.Bc4 c5 8.Ne2 Nc6
9.Be3 O-O 10.O-O Bg4 11.f3 Na5 12.Bxf7+ Rxf7 13.fxg4 Rxf1+ 14.Kxf1 cxd4 15.cxd4 e5
16.d5 Nc4 17.Bf2 Qf6 18.Kg1 Rf8 19.Qe1 Bh6 20.Ng3 Qa6 21.Kh1 Qa4 22.Qe2 b6
23.h3 Bf4 24.Qd3 Nd6 25.Qb3 Qxb3 26.axb3 Rc8 27.Kg1 Rc2 28.Kf1 Rb2 29.Rxa7 Rxb3
30.Rd7 Nf7 31.Nh1 Rb1+ 32.Ke2 Rxh1 33.Bxb6 Ng5 34.Rd8+ Kf7 35.Rh8 Kg7 36.Rb8 Nxe4
37.Rb7+ Kg8 38.Rb8+ Kf7 39.Rb7+ Ke8 40.Rxh7 Nc3+  0-1

[Event "EU-chT (Men)"]
[Site "Debrecen"]
[Date "1992.??.??"]
[Round "4"]
[White "Giorgadze, Giorgi"]
[Black "Adorjan, Andras"]
[Result "0-1"]
[WhiteElo "2525"]
[BlackElo "2535"]

1.d4 Nf6 2.c4 g6 3.Nc3 d5 4.cxd5 Nxd5 5.e4 Nxc3 6.bxc3 Bg7 7.Bb5+ c6 8.Ba4 b5
9.Bb3 b4 10.Be3 bxc3 11.Rc1 Nd7 12.Ne2 Ba6 13.e5 Qa5 14.Qc2 c5 15.Qe4 O-O
16.Bxf7+ Kh8 17.Nf4 Rxf7 18.Qxa8+ Rf8 19.Qd5 Qb5 20.Qb3 cxd4 21.Qxb5 Bxb5
22.Ne6 dxe3 23.Nxf8 Nxe5  0-1

[Event "Dortmund op-A"]
[Site "Dortmund"]
[Date "1992.??.??"]
[Round "1"]
[White "Razuvaev, Yuri S"]
[Black "Andersen, D."]
[Result "1-0"]
[WhiteElo "2575"]
[BlackElo "2275"]

1.d4 Nf6 2.c4 g6 3.Nc3 d5 4.cxd5 Nxd5 5.e4 Nxc3 6.bxc3 Bg7 7.Bc4 c5 8.Ne2 Nc6
9.Be3 O-O 10.O-O Bg4 11.f3 Na5 12.Bxf7+ Rxf7 13.fxg4 Rxf1+ 14.Kxf1 Qd6 15.e5 Rf8+
16.Kg1 Qd5 17.Bf2 Bh6 18.dxc5 Qxe5 19.Qd3 Qf6 20.Rf1 e5 21.Ng3 Qe6 22.Ne4 Qxg4
23.Qd5+ Kh8 24.Nd6 Qf4 25.g3 Qf6 26.Qd3 Qf3 27.Qxf3 Rxf3 28.Re1 Bg7 29.c4 Kg8
30.Rb1 Bf8 31.Nxb7 Nc6 32.Rb3 Rxb3 33.axb3 Kf7 34.Be1 Ke6 35.b4 Nd4 36.b5 Nb3
37.c6 Nc5 38.Bb4 a5  1-0

[Event "Dortmund op-A"]
[Site "Dortmund"]
[Date "1992.??.??"]
[Round "3"]
[White "Ibragimov, Ildar"]
[Black "Toth, Christian Endre"]
[Result "0-1"]
[WhiteElo "2515"]
[BlackElo "2350"]

1.d4 Nf6 2.c4 g6 3.Nc3 d5 4.cxd5 Nxd5 5.e4 Nxc3 6.bxc3 Bg7 7.Be3 c5 8.Qd2 Qa5
9.Rb1 b6 10.Rb5 Qa4 11.dxc5 O-O 12.Rb4 Qa5 13.Bc4 Nc6 14.Rb3 Rd8 15.Qc1 bxc5
16.Ra3 Qc7 17.f4 Bb7 18.Be2 Nb8 19.Qc2 Nd7 20.Nf3 e5 21.f5 Nf6 22.fxg6 Bxe4
23.gxf7+ Qxf7 24.Qc1 Bxf3 25.Bxf3 e4 26.Be2 Nd5 27.Bc4 Kh8 28.Ra6 Qh5 29.O-O Nxc3
30.Kh1 Rd1 31.Rxd1 Nxd1 32.Bg1 e3 33.Qc2 Re8 34.Re6 Rxe6 35.Bxe6 e2 36.Qd2 Bf6
37.g4 Qe5 38.Qd7 Qe4+  0-1

[Event "Dortmund op-A"]
[Site "Dortmund"]
[Date "1992.??.??"]
[Round "4"]
[White "Kramnik, Vladimir"]
[Black "Groszpeter, Attila"]
[Result "1/2-1/2"]
[WhiteElo "2590"]
[BlackElo "2495"]

1.d4 Nf6 2.c4 g6 3.Nc3 d5 4.cxd5 Nxd5 5.e4 Nxc3 6.bxc3 Bg7 7.Bb5+ Bd7 8.Be2 c5
9.Nf3 cxd4 10.cxd4 Qa5+ 11.Bd2 Qa4 12.O-O O-O 13.Qxa4 Bxa4 14.Rfc1 e6 15.Rab1  1/2-1/2